000 00425 a2200157 4500
999 _c2030
_d2030
020 _a9788973560257
050 _aHD8730.5 LAB 1993
100 _aYoung- Bum, Park
_eeditor
245 _aLabor in Korea
_cPark, Yaung-Baum
264 _aSeoul
_bKorea Labor Institute
_c1993
300 _a125p. :
_bill.
500 _aIncludes bibliographical references
650 _aLabor
651 _aKorea
942 _2lcc
_cBK
_h8730.5
_iLAB
_kHD